00520nam a22001337a 4500020001600000082001000016100006300026245011200089260003800201300002600239650004200265700002200307856005700329 qHard Cover. a621.3 aIqbal, Junaid ; Talhja Tirmizi, Syed ; Muhammd Azzam Khan. aReal Time Color Mapping of Night Vision Imagery /cJunaid Iqbal ; Syed Talhja Tirmizi ; Muhammd Azzam Khan. aIslamabad :bSEECS - NUST,c2019. a44 p. : ill. ;c30cm. aElectrical Engineering-Project Report aDr. Ahmad Salman. uhttp://10.250.8.41:8080/xmlui/handle/123456789/29012